00723nam a2200157Ia 4500008004100000100003300041245015300074245010700227260005300334260001600387300000800403650001500411856004700426999001900473952007300492170221s9999 xx 000 0 und d aNur Fadiah Binti Mohd Zawawi aLogistics Capability, Information Technology, and Innovation Capability of Logistics Service Providers: Empirical Evidence from East Coast Malaysia  cNur Fadiah Binti Mohd Zawawi, Sazali Abdul Wahab, Abdullah Al Mamun, Ghazali Bin Ahmad, Syed Ali Fazal bInternational Review of Management and Marketing cAugust 2016 a5:3 xMarketing. uhttp://www.econjournals.com/index.php/irmm c309932d309932 001040aCLbCLd2017-02-21l0r2017-02-21 00:00:00w2017-02-21yFOJ